Plastičnosť čistych metallov /

Uložené v:
Podrobná bibliografia
Hlavní autori: Nabarro, F.R.N (Autor), Basinski, Z.S (Autor), Holt, D.B (Autor)
Médium: Kniha
Jazyk:Russian
Vydavateľské údaje: Moskva : Metallurgija, 1967
Predmet:
Tagy: Pridať tag
Žiadne tagy, Buďte prvý, kto otaguje tento záznam!

MARC

LEADER 00000nam a22000003a 4500
001 stu39630
005 20150617225725.5
008 930219s1967----xxr-----------------rus-d
040 |a STU  |b slo 
041 0 |a rus 
044 |a xxr 
080 |a 539.214 
080 |a 548.5 
100 1 |a Nabarro, F.R.N  |4 aut 
245 1 |a Plastičnosť čistych metallov /  |c [aut.]F.R.N. Nabarro, Z.S. Basinski, D.B. Holt 
260 |a Moskva :  |b Metallurgija,  |c 1967 
300 |a 213 s 
650 7 |a plasticita  |2 stusub 
650 7 |a monokryštály  |2 stusub 
700 1 |a Basinski, Z.S  |4 aut 
700 1 |a Holt, D.B  |4 aut 
996 |b 284M062054  |c M*3133-1  |l MMKN  |s A  |a 24  |w stu39630_0001